00783nam a2200253Ia 4500003000900000008004100009040001300050040001300063041000800076100001900084100000900103245008100112250000900193260002100202260000900223300001100232300001000243490002700253490000600280700002200286942000700308999001700315952019700332IT-RoPAU120407s9999 xx 000 0 und d aIT-RoPAU cIT-RoPAU aita aVito G. Galati ccur. a"Introduzione alla filosofia di Vincenzo Gioberti A cura di Vito G. Galati." aRoma aEdizioni Paoline c1959 a174 p. c19 cm aPhilosophica testi, 11 v1 aVincenzo Gioberti cBK c27146d27146 00102ddc406108_12110000000000071aPAULUSbPAULUSd2012-04-11l0o108.1211r2012-04-11 00:00:00w2012-04-11yBKzInserito da: Anna In data: 07 agosto 2011 fondo: Via A.Severo 56 Progr:15701